Obras poéticas

محفوظ في:
التفاصيل البيبلوغرافية
المؤلف الرئيسي: Espronceda, José de (مؤلف)
التنسيق: كتاب
اللغة:الإسبانية
منشور في: Ciudad de México Porrua 1976
الطبعة:2a. ed
سلاسل:Sepan cuántos, 202
الموضوعات:
الوسوم: إضافة وسم
لا توجد وسوم, كن أول من يضع وسما على هذه التسجيلة!

MARC

LEADER 00000nam a2200000 a 4500
001 UCY2325
003 CL-VaPUC
008 941020e19760000MX |||||||||||||||||spa|d
082 0 4 |a 861  |b ESP  |2 21 
100 0 |a Espronceda, José de  |e author  |9 321870 
245 1 0 |a Obras poéticas 
246 1 3 |a El pelayo poesias liricas 
246 1 3 |a El estudiante de Salamanca 
246 1 3 |a El diablo mundo 
250 |a 2a. ed 
300 |a 216 p 
942 |c BK 
945 |d 19941020 00:00:00  |a oaravena 
260 |a Ciudad de México  |b Porrua  |c 1976 
650 0 |a Poesías españolas  |9 265100 
583 |a last modification  |c 19941020 00:00:00  |k Rodrigo Vera 
490 0 |a Sepan cuántos, 202 
999 |c 230765  |d 230763 
952 |0 0  |1 0  |4 0  |6 861_000000000000000_ESP_1976  |7 0  |8 P  |9 233286  |a BIBARQ  |b BIBARQ  |d 2019-11-15  |i 3027767  |o 861 ESP 1976  |p 3027767  |r 2025-01-20  |w 2019-11-15  |y BK  |k ARQ 
952 |0 0  |1 0  |4 0  |6 861_000000000000000_ESP_1976  |7 0  |8 A  |9 233287  |a BIBEDU  |b BIBEDU  |d 2019-11-15  |i 3261697  |o 861 ESP 1976  |p 3261697  |r 2019-11-15  |w 2019-11-15  |y BK  |k LIT 
952 |0 0  |1 0  |4 0  |6 861_000000000000000_ESP_1976  |7 0  |8 A  |9 233288  |a BIBEDU  |b BIBEDU  |d 2019-11-15  |i 1932705  |o 861 ESP 1976  |p 1932705  |r 2019-11-15  |w 2019-11-15  |y BK  |k LIT